Les 20 pays du monde ayant le plus grand taux de divorces - Statistiques

Statistiques générales
  • Ce quiz a été pris 94 fois
  • Le résultat moyen est 5 sur 20
Statistiques - réponses
Rang % en 2015 Pays % Correct
15 2,800 Chine
90%
2 4,500 Russie
84%
9 3,025 Ukraine
53%
5 3,745 Biélorussie
43%
13 2,878 Danemark
34%
10 2,988 Moldavie
29%
8 3,225 Lituanie
27%
11 2,951 Cuba
26%
12 2,900 Kazakhstan
21%
20 2,615 Liechtenstein
21%
1 5,200 Maldives
16%
19 2,659 Åland (Finlande)
13%
16 2,770 Hong Kong (Chine)
13%
3 4,290 Uruguay
13%
17 2,704 Saint-Marin
12%
4 3,590 Guam (États-Unis)
8%
7 3,350 Aruba (Pays-Bas)
6%
18 2,688 Mariannes du Nord (États-Unis)
6%
14 2,800 Îles Vierges (Royaume-Uni)
5%
6 3,418 Porto Rico (États-Unis)
4%
Aucun quiz correspondant
Distribution des résultats
% des personnes avec chaque résultat
Percentile par nombre de réponses
Votre historique - résultats
Vous n’avez pas pris ce quiz